000 003490000a22001450004500
003 LK-CoMWRAF
008 230817t ||||| |||| 00| 0 eng d
040 _aLK-CoMWRAF
_dLK-CoMWRAF
_eLK-CoMWRAF
041 _aeng
082 _a500
_bFOR
245 _aFor Ourselves Women Reading the Qur'an
_b
260 _bWLUML
_c1997
300 _ap.256
942 _cBK
999 _c543
_d543